The Practical negotiator /

Сохранить в:
Библиографические подробности
Главный автор: Zartman, William
Другие авторы: Berman, Maureen
Формат: Текст
Опубликовано: Massachussetts: New Haven and London
Метки: Добавить метку
Нет меток, Требуется 1-ая метка записи!

MARC

LEADER 00000 a a2200000 04500
001 24752
003
040
020 |a 0-300-02523-8  
090 |a 173400  
100 |a Zartman, William  
245 |a The Practical negotiator /  |c William Zartman 
260 |a Massachussetts:   |b New Haven and London  
300 |a 250 p  
700 |a Berman, Maureen  
999 |c 13902  |d 13902